Statistics for Movies By 1 Actor and 1 Actress -Josh Brolin Edition

Click here to take the quiz!

General Stats

  • This quiz has been taken 4 times
  • The average score is 13 of 26

Answer Stats

CastMovie% Correct
Timothee Chalamet, ZendayaDune
100%
Denzel Washington, Carla GuginoAmerican Gangster
50%
Robert Downey Jr., Zoe SaldanaAvengers: Infinity War
50%
Ryan Reynolds, Zazie BeetzDeadpool 2
50%
Jake Gyllenhaal, Keira KnightleyEverest
50%
Ryan Gosling, Emma StoneGangster Squad
50%
Chris Pratt, Zoe SaldanaGuardians of the Galaxy
50%
George Clooney, Scarlett JohanssonHail, Caesar!
50%
Kevin Bacon, Elizabeth ShueHollow Man
50%
Joaquin Phoenix, Reese WitherspoonInherent Vice
50%
John Malkovich, Megan FoxJonah Hex
50%
Kate Winslet, Tobey MaguireLabor Day
50%
Will Smith, Emma ThompsonMen in Black 3
50%
Sean Penn, Alison PillMilk
50%
Tommy Lee Jones, Kelly MacdonaldNo Country For Old Men
50%
Elizabeth Olsen, Samuel L. JacksonOldboy
50%
Rose McGowan, Freddy RodriguezPlanet Terror
50%
Emily Blunt, Benicio del ToroSicario
50%
Bruce Willis, Rosario DawsonSin City: A Dame To Kill For
50%
Sean Astin, Kerri GreenThe Goonies
50%
Hailee Steinfeld, Jeff BridgesTrue Grit
50%
James Cromwell, Elizabeth BanksW.
50%
Michael Douglas, Carey MulliganWall Street: Money Never Sleeps
50%
Antonio Banderas, Naomi WattsYou Will Meet A Tall Dark Stranger
50%
Ben Stiller, Patricia ArquetteFlirting with Disaster
0%
Mia Sorvino, F. Murray AbrahamMimic
0%

Score Distribution

Percentile by Number Answered

Percent of People with Each Score

Your Score History

You have not taken this quiz